[Event "Ä13Ï"]
[Site "Loo"]
[Date "2017.04.22"]
[Round "3.41"]
[White "Àðåôüåâà, Îëüãà."]
[Black "Îëåíèíà, Àë¸íà."]
[Result "1-0"]
[WhiteElo "1212"]
[BlackElo "1126"]
[PlyCount "121"]
[EventDate "2017.04.20"]

1. e4 d5 2. exd5 Qxd5 3. Nc3 Qa5 4. d4 Nf6 5. Nf3 Bg4 6. Be2 Nc6 7. h3 Bxf3 8.
Bxf3 O-O-O 9. Be3 e5 10. d5 Ne7 11. Bd2 Qc5 12. Bg5 c6 13. Qe2 Nfxd5 14. Qxe5
f6 15. Bg4+ Rd7 16. Qe6 f5 17. Bxf5 Nxf5 18. Qxf5 Qb4 19. O-O Qxb2 20. Nxd5
cxd5 21. Rfd1 g6 22. Qe6 Qb6 23. Qe8+ Kc7 24. Bf4+ Kc6 25. Qc8+ Rc7 26. Qxc7+
Qxc7 27. Bxc7 Kxc7 28. Rxd5 Bd6 29. Rad1 Rd8 30. c4 b6 31. Kf1 Be7 32. Rxd8
Bxd8 33. f4 Bh4 34. g4 Bf6 35. f5 a6 36. fxg6 hxg6 37. Kg2 g5 38. Kf3 a5 39.
Ke4 Be7 40. Kf5 Kc6 41. h4 gxh4 42. g5 Bf8 43. g6 Bg7 44. Ke6 h3 45. Kf7 Bb2
46. g7 Bxg7 47. Kxg7 h2 48. Rh1 Kc5 49. Rxh2 Kxc4 50. Kf6 b5 51. Rc2+ Kb4 52.
Ke5 a4 53. Kd4 Ka3 54. Kd3 Kb4 55. Rb2+ Ka3 56. Rxb5 Kxa2 57. Kc3 a3 58. Rb3
Ka1 59. Rxa3+ Kb1 60. Ra8 Kc1 61. Ra1# 1-0

[Event "Ä11Â"]
[Site "Loo"]
[Date "2017.04.22"]
[Round "3.1"]
[White "Ïøåâñêàÿ, ßíà."]
[Black "Ìèõååâà, Ãàëèíà."]
[Result "0-1"]
[WhiteElo "1345"]
[BlackElo "1569"]
[PlyCount "78"]
[EventDate "2017.04.20"]

1. d4 Nf6 2. Bf4 e6 3. e3 c5 4. c3 Qb6 5. Na3 d5 6. Qc1 a6 7. Nb1 Nc6 8. Bd3 g6
9. Nf3 Bg7 10. Nbd2 Nh5 11. Bg3 Nxg3 12. hxg3 e5 13. dxe5 Nxe5 14. Nxe5 Bxe5
15. Nf3 Bg7 16. Be2 Be6 17. Qd2 O-O-O 18. O-O-O Kb8 19. Kb1 Qa5 20. a3 h6 21.
Qe1 Qb6 22. Qd2 Rd7 23. Qc1 Rhd8 24. Rhf1 Rd6 25. Rd2 Qa5 26. Ka1 b5 27. Kb1
Rc6 28. Qd1 Rdc8 29. Rh1 R8c7 30. Rc2 Rd7 31. Rf1 Rcd6 32. Rd2 Rb7 33. e4 Rbd7
34. exd5 Bxd5 35. Re1 Qd8 36. Kc1 Bxf3 37. Bxf3 Rxd2 38. Qb3 c4 39. Qb4 Bf8 0-1

[Event "Ä11Â"]
[Site "Loo"]
[Date "2017.04.22"]
[Round "3.2"]
[White "Áûêîâñêèõ, Åêàòåðèíà."]
[Black "Øóáåíêîâà, Âåðîíèêà."]
[Result "1/2-1/2"]
[WhiteElo "1308"]
[BlackElo "1515"]
[PlyCount "86"]
[EventDate "2017.04.20"]

1. e4 e6 2. d4 d5 3. Nd2 Nf6 4. e5 Nfd7 5. Bd3 c5 6. c3 Nc6 7. Ne2 Be7 8. O-O
O-O 9. Nf3 f6 10. exf6 Nxf6 11. Re1 Re8 12. Nf4 Bd6 13. Ng5 Bxf4 14. Bxf4 h6
15. Nf3 Ne7 16. dxc5 Nf5 17. Bxf5 exf5 18. Rxe8+ Qxe8 19. Be5 Be6 20. Qd4 Qf7
21. Re1 Ne4 22. Nd2 Re8 23. f3 Nxd2 24. Qxd2 Qe7 25. Bd6 Qf7 26. Qd4 Bd7 27.
Re5 Rxe5 28. Qxe5 Bc6 29. Qe7 Qg6 30. Qe2 a6 31. Qd3 Qe6 32. Qd2 Qg6 33. Qe1
Qf6 34. Qg3 Bb5 35. Qe5 Qf7 36. Qe7 Qxe7 37. Bxe7 Kf7 38. Bd6 Bc4 39. b3 Bd3
40. Kf2 Bb1 41. a3 Ba2 42. b4 Bc4 43. Ke3 g5 1/2-1/2

[Event "Ä11Â"]
[Site "Loo"]
[Date "2017.04.22"]
[Round "3.3"]
[White "Ïîëÿòî, Èðèíà."]
[Black "Ñâåðãèíà, Ñîôüÿ."]
[Result "1/2-1/2"]
[WhiteElo "1475"]
[BlackElo "1228"]
[PlyCount "116"]
[EventDate "2017.04.20"]

1. d4 Nf6 2. c4 e6 3. Nc3 Bb4 4. Bd2 O-O 5. Nf3 b6 6. e3 Bb7 7. Be2 d6 8. O-O
Nbd7 9. Rc1 Qe7 10. Nb5 Bxd2 11. Nxd2 c6 12. Nc3 Rac8 13. Bf3 d5 14. Qb3 Rb8
15. Rfd1 Rfd8 16. cxd5 exd5 17. e4 dxe4 18. Ndxe4 Nxe4 19. Nxe4 Nf6 20. Nxf6+
Qxf6 21. Qa4 c5 22. Bxb7 Rxb7 23. dxc5 bxc5 24. Rxd8+ Qxd8 25. Rd1 Qe7 26. Qe4
g6 27. Qxe7 Rxe7 28. Kf1 Kg7 29. Rd5 Rc7 30. Ke2 Re7+ 31. Kd3 c4+ 32. Kd2 Rc7
33. Kc3 Re7 34. Rd2 Rc7 35. Rd4 Re7 36. Rxc4 Re2 37. Rf4 g5 38. Rf3 Kg6 39. a4
f5 40. g3 h5 41. b4 f4 42. gxf4 g4 43. f5+ Kf6 44. Rf4 Re5 45. b5 Kg5 46. Rb4
Rxf5 47. Rb2 Kh4 48. a5 Rf7 49. Kc4 Kh3 50. Kc5 Kxh2 51. f3+ Kg1 52. fxg4 hxg4
53. a6 g3 54. b6 axb6+ 55. Kxb6 g2 56. a7 Rxa7 57. Kxa7 Kh1 58. Rxg2 Kxg2
1/2-1/2

[Event "Ä11Â"]
[Site "Loo"]
[Date "2017.04.22"]
[Round "3.4"]
[White "Ïëåùåâà, Äàðüÿ."]
[Black "Ìàêîãîí, Åëåíà."]
[Result "1/2-1/2"]
[WhiteElo "1165"]
[BlackElo "1374"]
[PlyCount "47"]
[EventDate "2017.04.20"]

1. e4 c5 2. d4 cxd4 3. c3 dxc3 4. Nxc3 Nf6 5. e5 Ng8 6. Nf3 Nc6 7. Bc4 e6 8.
O-O Qc7 9. Re1 Bb4 10. a3 Bxc3 11. bxc3 Na5 12. Bb5 Qxc3 13. Bd2 Qc7 14. Bb4
Nc6 15. Rc1 Qd8 16. Bxc6 bxc6 17. Qd6 Qe7 18. Qd2 Qd8 19. Ba5 Qe7 20. Bb4 Qd8
21. Ba5 Qe7 22. Bb4 Qd8 23. Ba5 Qe7 24. Bb4 1/2-1/2

[Event "Ä11Â"]
[Site "Loo"]
[Date "2017.04.22"]
[Round "3.5"]
[White "Ôåäîðîâà, Îëåñÿ."]
[Black "Èñòîìèíà, Âàëåðèÿ."]
[Result "1-0"]
[WhiteElo "1414"]
[BlackElo "1364"]
[PlyCount "53"]
[EventDate "2017.04.20"]

1. e4 e5 2. Nc3 Nf6 3. f4 exf4 4. e5 Qe7 5. Qe2 Ng8 6. Nf3 Nc6 7. d4 Qd8 8.
Bxf4 Bb4 9. a3 Bxc3+ 10. bxc3 Nge7 11. Qd2 h6 12. d5 Nb8 13. d6 Ng6 14. Bg3 O-O
15. Bc4 cxd6 16. Qxd6 Ne7 17. Bh4 Re8 18. O-O Nf5 19. Bxf7+ Kxf7 20. Qd5+ Kf8
21. Bxd8 Rxd8 22. Nd4 g6 23. Nxf5 gxf5 24. Rxf5+ Kg7 25. Qf7+ Kh8 26. Rh5 Rf8
27. Rxh6# 1-0

[Event "Ä11Â"]
[Site "Loo"]
[Date "2017.04.22"]
[Round "3.6"]
[White "Êîìèññàðîâà, Ñîéæèíà."]
[Black "Ëåçèíà, Àííà."]
[Result "1-0"]
[WhiteElo "1404"]
[BlackElo "1325"]
[PlyCount "59"]
[EventDate "2017.04.20"]

1. c4 Nf6 2. Nc3 g6 3. g3 Bg7 4. Bg2 O-O 5. e4 d6 6. d3 e5 7. Nge2 c6 8. O-O
Bg4 9. Be3 Bxe2 10. Qxe2 c5 11. f4 b6 12. Nd5 Nxd5 13. cxd5 f6 14. fxe5 fxe5
15. Rxf8+ Qxf8 16. Rf1 Qe7 17. Bh3 Nd7 18. Be6+ Kh8 19. Rf7 Qe8 20. Rxd7 Qb8
21. Bg5 b5 22. Rd8+ Qxd8 23. Bxd8 Rxd8 24. Qg4 c4 25. dxc4 bxc4 26. Qg5 Rf8 27.
Qe7 a5 28. Qxd6 a4 29. Qb4 Bh6 30. Kg2 1-0

[Event "Ä11Â"]
[Site "Loo"]
[Date "2017.04.22"]
[Round "3.8"]
[White "Ñóäàðêèíà, Åêàòåðèíà."]
[Black "Àëåøèíà, Àðèíà."]
[Result "1/2-1/2"]
[WhiteElo "1292"]
[BlackElo "1391"]
[PlyCount "62"]
[EventDate "2017.04.20"]

1. e4 c5 2. Nc3 Nc6 3. f4 e6 4. Nf3 a6 5. a4 b6 6. Be2 d5 7. d3 Nge7 8. O-O g6
9. Qe1 Bg7 10. Qg3 Bb7 11. Kh1 Rc8 12. Bd2 Nd4 13. Bd1 Nxf3 14. Rxf3 dxe4 15.
dxe4 O-O 16. Rd3 Qc7 17. e5 c4 18. Re3 Nf5 19. Qf2 Nxe3 20. Bxe3 Bc6 21. Qg3
Rfd8 22. Be2 Be4 23. Nxe4 Rb8 24. Nd6 c3 25. b3 a5 26. Kg1 Kh8 27. Kh1 Kg8 28.
Kg1 Kh8 29. Kh1 Kg8 30. Kg1 Kh8 31. Kh1 Kg8 1/2-1/2

[Event "Ä11Â"]
[Site "Loo"]
[Date "2017.04.22"]
[Round "3.9"]
[White "Øâåäîâà, Àëåêñàíäðà."]
[Black "Áåëîóñîâà, Ñîôüÿ."]
[Result "1-0"]
[WhiteElo "1522"]
[BlackElo "1319"]
[PlyCount "71"]
[EventDate "2017.04.20"]

1. e4 c6 2. d4 d5 3. Nc3 dxe4 4. Nxe4 Bf5 5. Ng3 Bg6 6. Nf3 Nd7 7. Bd3 Bxd3 8.
Qxd3 e6 9. O-O Ngf6 10. c4 Be7 11. a3 c5 12. dxc5 Nxc5 13. Qc2 O-O 14. Rd1 Qc7
15. b4 Ncd7 16. Bb2 Rac8 17. Rac1 Nb6 18. c5 Nbd5 19. Be5 Qd7 20. h3 Rc6 21.
Nd4 Ra6 22. Qd3 Qc8 23. Nb5 Rd8 24. Qb3 Nd7 25. Bd6 Bxd6 26. Nxd6 Qc7 27. Nge4
N7f6 28. Nxf6+ Nxf6 29. b5 Raxd6 30. cxd6 Qb6 31. Qc4 Kf8 32. Qc7 Nd5 33. Rxd5
exd5 34. Qe7+ Kg8 35. d7 Rxd7 36. Qe8# 1-0

[Event "Ä11Â"]
[Site "Loo"]
[Date "2017.04.22"]
[Round "3.10"]
[White "Ïåòðîâà, Åëèçàâåòà."]
[Black "Êëåéìåíîâà, Âàëåðèÿ."]
[Result "0-1"]
[WhiteElo "1350"]
[BlackElo "1465"]
[PlyCount "186"]
[EventDate "2017.04.20"]

1. d4 f5 2. c4 e6 3. Nc3 d5 4. Nf3 Nf6 5. Bf4 c6 6. e3 Be7 7. Be2 O-O 8. O-O
Bd7 9. Ne5 Be8 10. c5 Nbd7 11. Rc1 Nxe5 12. Bxe5 Nd7 13. Bg3 Bf6 14. Bd6 Rf7
15. Bd3 Be7 16. Bxe7 Qxe7 17. Ne2 e5 18. b4 Rf6 19. Ng3 e4 20. Be2 f4 21. exf4
Rxf4 22. Qd2 Rf6 23. Qg5 Qf8 24. Qe3 Bg6 25. Bg4 Qf7 26. Rce1 Nf8 27. Qe2 Ne6
28. Bxe6 Rxe6 29. Qe3 Rae8 30. a4 Qc7 31. Ra1 Ra8 32. f4 Rf6 33. Ne2 Bh5 34.
Ng3 Bf7 35. Ne2 Rh6 36. g3 Bh5 37. Nc1 Bf3 38. Nb3 Qd7 39. Nd2 Bg4 40. a5 Qe8
41. Rf2 Qh5 42. h4 Bf5 43. Qe2 Qg6 44. Kh2 Re8 45. Qe3 Qg4 46. Kh1 Rg6 47. Rg1
Rh6 48. Rh2 Qh5 49. Nf1 Bg4 50. Nd2 Rhe6 51. Rf1 Bf3+ 52. Kg1 Bg4 53. Re1 Qg6
54. Rf2 Bf3 55. Kh2 Qf5 56. Rg1 Bh5 57. Rfg2 Rg6 58. Rf2 Rh6 59. Rfg2 Qg4 60.
Rf1 Bg6 61. Rfg1 Bf5 62. Kh1 Ree6 63. Nf1 Qf3 64. Qxf3 exf3 65. Rf2 Bd3 66. Nh2
Re2 67. Rxe2 Bxe2 68. Ng4 Rg6 69. Nf2 Re6 70. Re1 Re3 71. Nd1 Rb3 72. Kg1 Rb1
73. Kf2 Rxd1 74. Rxd1 Bxd1 75. g4 Kf7 76. g5 Kg6 77. Ke1 Be2 78. Kf2 Kf5 79.
Ke3 g6 80. Kf2 Kxf4 81. a6 bxa6 82. h5 gxh5 83. g6 hxg6 84. b5 axb5 85. Ke1 Kg3
86. Kd2 Kg2 87. Ke3 f2 88. Kxe2 f1=Q+ 89. Kd2 Kf2 90. Kc2 Ke2 91. Kb2 Kd2 92.
Ka2 Kc3 93. Ka3 Qa1# 0-1

[Event "Ä11Â"]
[Site "Loo"]
[Date "2017.04.22"]
[Round "3.11"]
[White "Ôðîëîâà, Àëèêà."]
[Black "Êóçíåöîâà, Þëèÿ."]
[Result "1-0"]
[WhiteElo "1441"]
[BlackElo "1304"]
[PlyCount "53"]
[EventDate "2017.04.20"]

1. e4 c5 2. Nf3 e6 3. d4 cxd4 4. Nxd4 a6 5. Nc3 Qc7 6. Bd3 b5 7. O-O Bb7 8. Bg5
Nf6 9. a3 h6 10. Bh4 g5 11. Bg3 Qc5 12. Nb3 Qc6 13. Be5 Bg7 14. Na5 Qb6 15.
Nxb7 Qxb7 16. Qf3 g4 17. Qf4 Nh5 18. Qxg4 Bxe5 19. Qxh5 Qc7 20. Kh1 Nc6 21.
Rae1 Ke7 22. Nd5+ exd5 23. exd5 Na5 24. Rxe5+ Kf8 25. Rfe1 Nc4 26. Re7 Nxb2 27.
Qxf7# 1-0

[Event "Ä11Â"]
[Site "Loo"]
[Date "2017.04.22"]
[Round "3.12"]
[White "Çàéöåâà, Äàðüÿ."]
[Black "Ãóðãåíèäçå, Àëåêñàíäðà."]
[Result "1-0"]
[WhiteElo "1348"]
[BlackElo "1433"]
[PlyCount "85"]
[EventDate "2017.04.20"]

1. d4 d5 2. c4 dxc4 3. e4 e5 4. Nf3 Bg4 5. Bxc4 Bb4+ 6. Bd2 Bxd2+ 7. Nbxd2 exd4
8. Bxf7+ Kxf7 9. Ne5+ Kf8 10. Qxg4 Qe8 11. Qf5+ Nf6 12. O-O Kg8 13. Rac1 c6 14.
Nb3 d3 15. Rcd1 Na6 16. Rxd3 Qe7 17. Rfd1 g6 18. Qg5 Re8 19. Nd7 Nxe4 20. Qxe7
Rxe7 21. Re3 Kf7 22. f4 Rd8 23. Ne5+ Ke8 24. Rxd8+ Kxd8 25. Rxe4 c5 26. Na5 Nb4
27. a3 Na6 28. Nac6+ Ke8 29. Nxe7 Kxe7 30. Nxg6+ Kd6 31. Nf8 h5 32. f5 Kd5 33.
Re1 Nc7 34. f6 Kd6 35. f7 c4 36. Ng6 Ne6 37. Rxe6+ Kxe6 38. f8=Q Kd5 39. Qf7+
Kd4 40. Qf5 b6 41. Kf2 a5 42. Nf8 a4 43. Ne6# 1-0

[Event "Ä11Â"]
[Site "Loo"]
[Date "2017.04.22"]
[Round "3.13"]
[White "Ìîíãóø, Ìèëåíà."]
[Black "Øóõìàí, Àííà."]
[Result "0-1"]
[WhiteElo "1421"]
[BlackElo "1308"]
[PlyCount "58"]
[EventDate "2017.04.20"]

1. d4 Nf6 2. Nf3 c5 3. e3 e6 4. b3 Nc6 5. Bb2 d5 6. Bd3 cxd4 7. exd4 Bd6 8. O-O
O-O 9. Nbd2 Qe7 10. a4 Nb4 11. Be2 Bd7 12. c3 Nc6 13. c4 a5 14. Re1 Qd8 15. Ne5
Qc7 16. f4 Bb4 17. Rf1 Nxe5 18. fxe5 Bxd2 19. exf6 Be3+ 20. Kh1 g6 21. Bc1 Bxc1
22. Qxc1 Kh8 23. Qh6 Rg8 24. Rf3 e5 25. dxe5 Qxe5 26. Rf4 Qxa1+ 27. Bf1 g5 28.
Rf2 Qd1 29. Kg1 Rg6 0-1

[Event "Ä11Â"]
[Site "Loo"]
[Date "2017.04.22"]
[Round "3.14"]
[White "Êåêååâà, Ñîôèÿ."]
[Black "Êîðîâèíà, ßíà."]
[Result "0-1"]
[WhiteElo "1328"]
[BlackElo "1416"]
[PlyCount "126"]
[EventDate "2017.04.20"]

1. e4 c5 2. d4 cxd4 3. c3 d5 4. Qxd4 Nf6 5. exd5 Qxd5 6. Qxd5 Nxd5 7. Nf3 Bf5
8. Bb5+ Nd7 9. Nd4 Bg6 10. O-O O-O-O 11. Nf3 e6 12. Rd1 Bc5 13. Bxd7+ Rxd7 14.
Ne5 Rdd8 15. Nxg6 hxg6 16. Re1 Kc7 17. Nd2 Bb6 18. Ne4 f6 19. Bd2 Ne7 20. Rad1
e5 21. Bc1 Kc6 22. h3 Nf5 23. Kf1 Rxd1 24. Rxd1 Rd8 25. Rxd8 Bxd8 26. g3 Kd5
27. Ke2 Kxe4 28. g4 Nd6 29. Be3 Bb6 30. f3+ Kd5 31. Bc1 f5 32. gxf5 gxf5 33. h4
e4 34. f4 Ke6 35. b3 Kf6 36. c4 Kg6 37. Ba3 Ne8 38. Be7 Nf6 39. a3 Kh5 40. Bf8
Ne8 41. Be7 Bc7 42. Bg5 Nf6 43. b4 Kg4 44. c5 Bxf4 45. Bxf4 Kxf4 46. b5 Nd5 47.
c6 bxc6 48. bxc6 e3 49. a4 Ke4 50. h5 f4 51. h6 f3+ 52. Ke1 gxh6 53. c7 Nxc7
54. a5 h5 55. a6 h4 56. Kf1 h3 57. Kg1 f2+ 58. Kh2 e2 59. Kxh3 f1=Q+ 60. Kh2
Qf8 61. Kh3 e1=Q 62. Kg2 Qff2+ 63. Kh3 Qg3# 0-1

[Event "Ä11Â"]
[Site "Loo"]
[Date "2017.04.22"]
[Round "3.15"]
[White "Øèõàëèåâà, Àðèàíà."]
[Black "Êóçíåöîâà, Îëüãà."]
[Result "0-1"]
[WhiteElo "1325"]
[BlackElo "1405"]
[PlyCount "108"]
[EventDate "2017.04.20"]

1. e4 c5 2. Nf3 e6 3. d4 cxd4 4. Nxd4 a6 5. Nc3 Qc7 6. Be3 Nf6 7. Be2 b5 8. f3
Bb7 9. O-O d6 10. Re1 Be7 11. Bd3 Nbd7 12. Bg5 O-O 13. f4 Qc5 14. Kf1 Qxd4 15.
e5 dxe5 16. fxe5 Bc5 17. Be3 Qxe5 18. Bxc5 Qxc5 19. Ne4 Bxe4 20. Bxe4 Nxe4 21.
Rxe4 Qf5+ 22. Qf3 Qxf3+ 23. gxf3 Nf6 24. Re2 Rfd8 25. Rg2 Rd7 26. Kg1 Rad8 27.
Kh1 Rd2 28. Rxd2 Rxd2 29. Rc1 Kf8 30. Kg1 Nd5 31. h3 Ne3 32. h4 Rxc2 33. Rxc2
Nxc2 34. Kf1 Ke7 35. Ke2 Kd6 36. Kd2 Nd4 37. Ke3 Nf5+ 38. Kf4 Nxh4 39. Kg4 Nxf3
40. Kxf3 e5 41. Ke4 h5 42. Kf5 Kd5 43. Kg5 e4 44. Kxh5 e3 45. Kg4 e2 46. Kf3
e1=Q 47. Kf4 Qe4+ 48. Kg3 Ke5 49. b3 Qf4+ 50. Kg2 Ke4 51. Kg1 Qf3 52. Kh2 Qg4
53. Kh1 Kf3 54. a4 Qg2# 0-1

[Event "Ä11Â"]
[Site "Loo"]
[Date "2017.04.22"]
[Round "3.16"]
[White "Ìóòèíà, Êñåíèÿ."]
[Black "Êàðìàíîâà, Îëüãà."]
[Result "0-1"]
[WhiteElo "1376"]
[BlackElo "1299"]
[PlyCount "88"]
[EventDate "2017.04.20"]

1. d4 d5 2. c4 e6 3. Nc3 Be7 4. Nf3 Nf6 5. Bg5 h6 6. Bf4 O-O 7. e3 Re8 8. Nb5
Bb4+ 9. Nc3 Bd6 10. Bxd6 Qxd6 11. c5 Qd8 12. Bd3 Nbd7 13. O-O b6 14. cxb6 axb6
15. Qc2 c5 16. Bb5 Ba6 17. Bxd7 Qxd7 18. Rfe1 Rec8 19. Na4 Bd3 20. Qxd3 Qxa4
21. Rec1 c4 22. Qe2 b5 23. Qe1 Qa5 24. Qe2 Ne4 25. a3 Rc7 26. Rc2 b4 27. Rcc1
c3 28. h3 cxb2 29. Qxb2 bxa3 30. Qa2 Rxc1+ 31. Rxc1 Nc3 32. Qc2 a2 33. Ra1 Rb8
34. Nd2 Qb4 35. Kh2 Qb2 36. Qxb2 Rxb2 37. Rc1 Rxd2 38. Ra1 Rd1 39. Rxd1 Nxd1
40. Kg3 a1=Q 41. f4 Qc3 42. Kh4 Qxe3 43. g4 Nf2 44. Kh5 Qxh3# 0-1

[Event "Ä11Â"]
[Site "Loo"]
[Date "2017.04.22"]
[Round "3.19"]
[White "Êèëüäèøîâà, Àëèíà."]
[Black "Ìèõàéëèíà, Îëüãà."]
[Result "0-1"]
[WhiteElo "1361"]
[BlackElo "1274"]
[PlyCount "136"]
[EventDate "2017.04.20"]

1. Nf3 Nf6 2. g3 g6 3. Bg2 Bg7 4. O-O O-O 5. d4 d5 6. c4 c6 7. Nc3 Na6 8. Qb3
Nc7 9. Bf4 e6 10. Be5 Ng4 11. Bxg7 Kxg7 12. h3 Nf6 13. Rac1 a6 14. a4 Rb8 15.
Rfd1 b5 16. Ne5 Bd7 17. axb5 axb5 18. cxb5 cxb5 19. e3 Rc8 20. Bf1 Rb8 21. Ne2
Rc8 22. Nf4 Nfe8 23. Kh1 Nd6 24. Nfd3 f6 25. Nxd7 Qxd7 26. Nc5 Qe8 27. Rc2 Nc4
28. Rdc1 Kg8 29. Qb4 Nd6 30. Nd3 Qd7 31. Nc5 Qe8 32. Nxe6 Qxe6 33. Rxc7 Rxc7
34. Rxc7 Ne4 35. Kg2 Ng5 36. Kh2 Nf3+ 37. Kh1 Qe4 38. Qe7 Nd2+ 39. Qxe4 Nxe4
40. Kg2 Rf7 41. Rxf7 Kxf7 42. Bxb5 Nd6 43. b4 Nxb5 44. Kf1 Ke6 45. Ke2 Kd6 46.
Kd3 Ke6 47. f3 f5 48. g4 h5 49. gxf5+ gxf5 50. Kc2 f4 51. Kd3 Kf5 52. e4+ dxe4+
53. fxe4+ Ke6 54. d5+ Ke5 55. h4 Nd6 56. Ke2 Kxe4 57. Kf2 f3 58. b5 Nxb5 59. d6
Nxd6 60. Kf1 Ke3 61. Ke1 f2+ 62. Kf1 Nb5 63. Kg2 Ke2 64. Kh2 f1=Q 65. Kg3 Qf3+
66. Kh2 Qg4 67. Kh1 Kf2 68. Kh2 Qg2# 0-1

[Event "Ä11Â"]
[Site "Loo"]
[Date "2017.04.22"]
[Round "3.21"]
[White "Ôèëàòîâà, Ñîôüÿ."]
[Black "Ñìàëåâà, Âåðîíèêà."]
[Result "1-0"]
[WhiteElo "1401"]
[BlackElo "1149"]
[PlyCount "105"]
[EventDate "2017.04.20"]

1. e4 e5 2. Nf3 Nc6 3. Bc4 Bc5 4. d3 Nf6 5. c3 O-O 6. O-O d6 7. h3 a6 8. Bb3
Ba7 9. Re1 Be6 10. Bc2 Qd7 11. Kh2 Bxf2 12. Rf1 Ba7 13. d4 Bc4 14. Rh1 Qe7 15.
b3 Be6 16. d5 Bxd5 17. exd5 Nd8 18. c4 e4 19. Re1 Re8 20. Nc3 e3 21. Qd3 Ng4+
22. hxg4 g6 23. Re2 c6 24. Bd2 Qf6 25. Bxe3 Bxe3 26. Rxe3 Qf4+ 27. Kh3 Qxe3 28.
Qxe3 Rxe3 29. Ne4 cxd5 30. Nf6+ Kg7 31. Nxd5 Re2 32. Bd3 Rb2 33. Ne3 Rf2 34.
Kg3 Rxf3+ 35. gxf3 Nc6 36. Be4 Re8 37. Re1 Kf6 38. Bxc6 bxc6 39. Nd5+ cxd5 40.
Rxe8 d4 41. Kf2 h5 42. gxh5 gxh5 43. Re1 Kg5 44. Rd1 Kh4 45. Rxd4+ Kh3 46. Rxd6
h4 47. Rxa6 Kh2 48. Rh6 h3 49. c5 f6 50. c6 f5 51. c7 f4 52. c8=Q Kh1 53. Rxh3#
1-0

[Event "Ä11Â"]
[Site "Loo"]
[Date "2017.04.22"]
[Round "3.22"]
[White "Èëüèíà, Ìàðãàðèòà."]
[Black "Ëè, Äàðèíà."]
[Result "1-0"]
[WhiteElo "1226"]
[BlackElo "1310"]
[PlyCount "133"]
[EventDate "2017.04.20"]

1. e4 e5 2. Nf3 Nf6 3. Nxe5 d6 4. Nc4 Nxe4 5. Nc3 d5 6. Nxe4 dxe4 7. Qe2 Qe7 8.
d3 exd3 9. Qxe7+ Bxe7 10. Bxd3 Nc6 11. O-O Be6 12. Re1 O-O 13. Bf4 Nd4 14. Rac1
c6 15. c3 Nb5 16. a4 Bxc4 17. Bxc4 Nd6 18. Rxe7 Nxc4 19. Rxb7 Rfe8 20. b4 Re2
21. Rd1 Rae8 22. h3 Rc2 23. Re7 Rf8 24. Rxa7 Rxc3 25. b5 cxb5 26. axb5 Rb3 27.
Rb7 h6 28. Rd5 Re8 29. Rb8 Rxb8 30. Bxb8 Na3 31. Rd8+ Kh7 32. Rd7 Kg8 33. Rb7
Rxb5 34. Rxb5 Nxb5 35. Be5 f6 36. Bb2 Kf7 37. h4 Kg6 38. g3 Kf5 39. Bc1 Nd4 40.
Kg2 Kg4 41. Be3 Nf5 42. f3+ Kh5 43. g4+ Kg6 44. h5+ Kf7 45. gxf5 Ke7 46. Kg3
Kd6 47. Kg4 Kc6 48. Bc1 Kd7 49. Kf4 Kd8 50. Ke4 Ke8 51. Kd5 Ke7 52. Ba3+ Kf7
53. Kd6 Kf8 54. Ke6+ Kg8 55. Be7 Kh7 56. Bxf6 Kh8 57. Kf7 Kh7 58. f4 Kh8 59.
Bxg7+ Kh7 60. Bxh6 Kxh6 61. Kg8 Kxh5 62. f6 Kh6 63. f7 Kh5 64. f8=Q Kg6 65.
Qf7+ Kh6 66. Qg7+ Kh5 67. Qg5# 1-0

[Event "Ä11Ï"]
[Site "Loo"]
[Date "2017.04.22"]
[Round "3.1"]
[White "Ïåòðîâà, Âàðâàðà."]
[Black "Øåâöîâà, Äàðüÿ."]
[Result "0-1"]
[WhiteElo "1210"]
[BlackElo "1445"]
[PlyCount "120"]
[EventDate "2017.04.20"]

1. e4 e6 2. d4 d5 3. e5 c5 4. b4 cxd4 5. Qxd4 Nc6 6. Bb5 Nge7 7. a3 Bd7 8. Bxc6
Nxc6 9. Qb2 Qh4 10. Ne2 Qe4 11. f3 Qxe5 12. Qxe5 Nxe5 13. Nd2 Rc8 14. Ra2 Ba4
15. Nd4 Bd6 16. O-O Ke7 17. f4 Nc4 18. N2b3 Rc7 19. Re1 Kd7 20. Re2 Rhc8 21. g3
b6 22. Kf2 Be7 23. Nd2 Bf6 24. N4b3 Nxd2 25. Nxd2 Rxc2 26. Rxc2 Rxc2 27. Re1
Bb2 28. Bxb2 Rxb2 29. Ke3 Ra2 30. Nf3 Rxa3+ 31. Kf2 Rb3 32. Ne5+ Ke7 33. Rc1 f6
34. Nf3 Rb2+ 35. Kg1 Rc2 36. Rxc2 Bxc2 37. Nd4 Ba4 38. Kf2 a6 39. Ke3 Kd6 40.
f5 Bd7 41. fxe6 Bxe6 42. Kd3 h5 43. h4 g5 44. hxg5 fxg5 45. Nf3 g4 46. Nh4 a5
47. Kc3 axb4+ 48. Kxb4 d4 49. Ng2 Ke5 50. Nf4 Bf7 51. Kb5 h4 52. Nd3+ Ke4 53.
Nf2+ Kf3 54. Nxg4 Kxg4 55. gxh4 d3 56. Kxb6 d2 57. h5 Bxh5 58. Kc5 d1=Q 59. Kc4
Qd6 60. Kc3 Qd5 0-1

[Event "Ä11Ï"]
[Site "Loo"]
[Date "2017.04.22"]
[Round "3.2"]
[White "Êîæåâíèêîâà, Àëåíà."]
[Black "Åôèìîâà, Äàðüÿ."]
[Result "0-1"]
[WhiteElo "1422"]
[BlackElo "1199"]
[PlyCount "84"]
[EventDate "2017.04.20"]

1. Nf3 d5 2. g3 Nc6 3. Bg2 g6 4. O-O Bg7 5. d3 f5 6. Nbd2 Nf6 7. Qe1 O-O 8. e4
e6 9. e5 Nd7 10. d4 Nb4 11. Qd1 c5 12. a3 Nc6 13. Nb3 c4 14. Nc5 Nxc5 15. dxc5
Nxe5 16. Nxe5 Bxe5 17. c3 Bg7 18. Be3 Re8 19. Qd2 Bd7 20. Bh6 Bh8 21. h4 Bc6
22. Qe2 e5 23. h5 Qf6 24. hxg6 Qxg6 25. Be3 f4 26. Bd2 Rf8 27. Kh2 Rf7 28. Be1
Raf8 29. f3 fxg3+ 30. Bxg3 Rf5 31. Bh3 Rh5 32. Kg2 Bf6 33. Bg4 Rg5 34. Bh4
Rxg4+ 35. fxg4 Bxh4 36. Rxf8+ Kxf8 37. Rf1+ Kg8 38. Kh3 Qh6 39. Qxe5 Be1+ 40.
Qh5 Qe3+ 41. Kg2 d4+ 42. Kh2 Qg3# 0-1

[Event "Ä11Ï"]
[Site "Loo"]
[Date "2017.04.22"]
[Round "3.3"]
[White "Æàïîâà, ßíà."]
[Black "Áîäðûõ, Ìàéÿ."]
[Result "1-0"]
[WhiteElo "1316"]
[BlackElo "1132"]
[PlyCount "129"]
[EventDate "2017.04.20"]

1. e4 e5 2. Nf3 d6 3. d4 exd4 4. Nxd4 g6 5. Nc3 Bg7 6. Be3 Nf6 7. Be2 O-O 8.
O-O Nbd7 9. Bg5 h6 10. Bh4 c6 11. f4 Qc7 12. Bg3 Re8 13. Bf3 a6 14. Re1 b6 15.
Nxc6 Bb7 16. Nd4 Nc5 17. e5 Bxf3 18. Nxf3 dxe5 19. fxe5 Nh7 20. e6 Qb7 21.
exf7+ Qxf7 22. Ne5 Bxe5 23. Rxe5 Rxe5 24. Bxe5 Re8 25. Bg3 Nf6 26. Qf3 Nce4 27.
Nxe4 Nxe4 28. Qxf7+ Kxf7 29. Re1 Nxg3 30. Rxe8 Kxe8 31. hxg3 Kd7 32. Kf2 Ke6
33. Ke3 Ke5 34. g4 g5 35. g3 b5 36. b3 Kd5 37. Kd3 Kc5 38. c4 bxc4+ 39. bxc4 a5
40. Kc3 a4 41. a3 Kc6 42. Kb4 Kb6 43. Kxa4 Kc5 44. Kb3 Kc6 45. a4 Kb6 46. Kb4
Kc6 47. a5 Kb7 48. Kb5 Ka7 49. c5 Kb7 50. a6+ Ka7 51. c6 Kb8 52. Kb6 Ka8 53.
Kc7 Ka7 54. Kd7 Kxa6 55. c7 Kb5 56. c8=Q Kb4 57. Qc6 Kb3 58. Qc5 Kb2 59. Qc4
Kb1 60. Qe2 Kc1 61. Kc6 Kb1 62. Kc5 Kc1 63. Kc4 Kb1 64. Kb3 Kc1 65. Qc2# 1-0

[Event "Ä11Ï"]
[Site "Loo"]
[Date "2017.04.22"]
[Round "3.4"]
[White "Âîë÷êîâà, Àëåíà."]
[Black "Ìàòâååâà, Êñåíèÿ."]
[Result "0-1"]
[WhiteElo "1207"]
[BlackElo "1292"]
[PlyCount "72"]
[EventDate "2017.04.20"]

1. e4 c6 2. d4 d5 3. Nd2 dxe4 4. Nxe4 Nd7 5. Nf3 Ngf6 6. Nxf6+ Nxf6 7. Ne5 Bf5
8. c3 e6 9. g4 Bg6 10. h4 Bd6 11. Nc4 Be4 12. Nxd6+ Qxd6 13. Rh3 Rd8 14. f3 Bd5
15. c4 Bxc4 16. Bxc4 Qb4+ 17. Bd2 Qxc4 18. Bc3 c5 19. f4 cxd4 20. Rd3 Nxg4 21.
Rc1 Ne3 22. Qd2 Nf5 23. Ba5 Qd5 24. Kf2 Ra8 25. Bb4 Nxh4 26. Rg3 Nf5 27. Rc5
Nxg3 28. Kxg3 Qe4 29. Re5 Qg6+ 30. Kf3 d3 31. Qd1 Rd8 32. Qa4+ Rd7 33. Qxa7 f5
34. Qb8+ Kf7 35. Qxh8 Qg4+ 36. Ke3 Qe2# 0-1

[Event "Ä11Ï"]
[Site "Loo"]
[Date "2017.04.22"]
[Round "3.5"]
[White "Óçèíöåâà, Äàðüÿ."]
[Black "Ïîíîìàðåâà, Âàðâàðà."]
[Result "1-0"]
[WhiteElo "1291"]
[BlackElo "1118"]
[PlyCount "119"]
[EventDate "2017.04.20"]

1. d4 d5 2. c4 e6 3. Nc3 Nf6 4. Bg5 Be7 5. e3 h6 6. Bh4 O-O 7. Nf3 Nc6 8. a3
dxc4 9. Bxc4 Nd7 10. Bxe7 Qxe7 11. O-O a6 12. a4 Nb6 13. Bd3 Rd8 14. a5 Nd5 15.
Nxd5 Rxd5 16. Qd2 Qb4 17. Qxb4 Nxb4 18. Bc4 Rd6 19. Rfc1 Nc6 20. Rd1 Rb8 21. e4
Ne7 22. e5 Rd8 23. Rd3 Nd5 24. Rb3 Ra8 25. h3 Ra7 26. Rc1 Ne7 27. Rd3 Rd7 28.
Nd2 Nc6 29. Nb3 b5 30. axb6 cxb6 31. Bxe6 fxe6 32. Rxc6 Rdc7 33. Rxb6 Rab7 34.
Rxb7 Bxb7 35. Nc5 Bd5 36. Nxa6 Rb7 37. Rd2 Ra7 38. Nc5 Ra1+ 39. Kh2 Rb1 40. Kg3
Rg1 41. f3 Rb1 42. Kf2 Ra1 43. b3 Rb1 44. Rd3 Rb2+ 45. Kg3 g5 46. Rc3 h5 47.
Rd3 g4 48. hxg4 hxg4 49. Kxg4 Rxg2+ 50. Kh3 Rg7 51. b4 Kf7 52. Ra3 Rg1 53. Na6
Kg6 54. Nc7 Bc4 55. Kh2 Rg5 56. b5 Kh5 57. b6 Kh4 58. b7 Bf1 59. Ra2 Rg8 60.
Rb2 1-0